|
|
|
|
| LEADER |
00000nam0a2200000 4500 |
| 001 |
212742 |
| 005 |
20231101225758.0 |
| 035 |
|
|
|a (RuTPU)RU\TPU\book\232420
|
| 090 |
|
|
|a 212742
|
| 100 |
|
|
|a 20120402d2011 m y0rusy50 ca
|
| 101 |
0 |
|
|a rus
|
| 102 |
|
|
|a RU
|
| 105 |
|
|
|a a j 001zy
|
| 200 |
1 |
|
|a Инструмент высокоэффективных технологий
|f М. А. Волосова, С. Н. Григорьев, А. Р. Маслов
|
| 210 |
|
|
|a Москва
|c ИТО
|d 2011
|
| 215 |
|
|
|a 219 с.
|c ил.
|
| 320 |
|
|
|a Библиогр.: с. 214-215.
|
| 330 |
|
|
|a Представлены сведения о современных инструментальных материалах, тенденциях их совершенствования, произведена систематизация и классификация методов нанесения покрытий, в том числе наноструктурных, и модификации поверхностного слоя инструмента из различных материалов. Приведены примеры их практической реализации, а также представлены данные о влиянии различных методов на работоспособность инструмента. В книге рассматривается современный режущий инструмент, предназначенный для обработки жаропрочных и коррозионностойких сталей, титановых и специальных алюминиевых сплавов, высокопрочных чугунов и других материалов, применяемых в изделиях оборонной промышленности и в автомобилестроении.
|
| 606 |
1 |
|
|a Режущие инструменты
|x Производительность
|2 stltpush
|3 (RuTPU)RU\TPU\subj\24386
|9 48740
|
| 610 |
1 |
|
|a инструментальные материалы
|
| 610 |
1 |
|
|a поверхности
|
| 610 |
1 |
|
|a покрытия
|
| 610 |
1 |
|
|a модификация
|
| 610 |
1 |
|
|a поверхностное упрочнение
|
| 610 |
1 |
|
|a методы
|
| 610 |
1 |
|
|a рабочие поверхности
|
| 610 |
1 |
|
|a работоспособность
|
| 610 |
1 |
|
|a высокая эффективность
|
| 675 |
|
|
|a 621.9.02
|v 3
|
| 700 |
|
1 |
|a Волосова
|b М. А.
|g Марина Александровна
|
| 701 |
|
1 |
|a Григорьев
|b С. Н.
|g Сергей Николаевич
|
| 701 |
|
1 |
|a Маслов
|b А. Р.
|g Андрей Руффович
|
| 801 |
|
1 |
|a RU
|b 63413507
|c 20120402
|
| 801 |
|
2 |
|a RU
|b 63413507
|c 20150618
|g RCR
|
| 942 |
|
|
|c BK
|
| 959 |
|
|
|a 49/20120402
|d 5
|e 730,00
|f ЧЗТЛ:1
|f АНЛ:1
|f УФ:3
|